000 00677nam a22002177a 4500
003 UA-OsUOA
001 60804
007 ta
008 20090610b un ||||| |||| 00| 0 ukr d
100 _aКірієнко О.
090 _a82
_bК46
942 _cSA
040 _aUA-OsUOA
_bukr
_cUA-OsUOA
_dUA-OsUOA
245 _aСудовий процес Михайла Старицького. Видатний драматург доводив авторські права у судовомк порядку...
300 _aС.8
955 _a0
041 _aukr
080 _a82
773 0 _w60803
650 7 _a82 Література. Літературознавство
_2UDC
999 _c347058
_d347058